Images and identity in fifteenth-century Florence / (Record no. 24088)

000 -LEADER
fixed length control field 01863cam a2200397 a 4500
001 - CONTROL NUMBER
control field 14653766
003 - CONTROL NUMBER IDENTIFIER
control field OSt
005 - DATE AND TIME OF LATEST TRANSACTION
control field 20170127162022.0
008 - FIXED-LENGTH DATA ELEMENTS--GENERAL INFORMATION
fixed length control field 061201s2007 ctua b 001 0 eng
010 ## - LIBRARY OF CONGRESS CONTROL NUMBER
LC control number 2006100423
015 ## - NATIONAL BIBLIOGRAPHY NUMBER
National bibliography number GBA6A5758
Source bnb
016 7# - NATIONAL BIBLIOGRAPHIC AGENCY CONTROL NUMBER
Record control number 013629099
Source Uk
020 ## - INTERNATIONAL STANDARD BOOK NUMBER
International Standard Book Number 0300123426
020 ## - INTERNATIONAL STANDARD BOOK NUMBER
International Standard Book Number 9780300123425
035 ## - SYSTEM CONTROL NUMBER
System control number (OCoLC)ocm76902016
035 ## - SYSTEM CONTROL NUMBER
System control number (OCoLC)76902016
Canceled/invalid control number (OCoLC)77256434
040 ## - CATALOGING SOURCE
Original cataloging agency DLC
Transcribing agency DLC
Modifying agency BAKER
-- BTCTA
-- UKM
-- YDXCP
-- C#P
-- IXA
-- DLC
043 ## - GEOGRAPHIC AREA CODE
Geographic area code e-it---
050 00 - LIBRARY OF CONGRESS CALL NUMBER
Classification number N6921.F7
Item number R468 2007
082 00 - DEWEY DECIMAL CLASSIFICATION NUMBER
Classification number 709.45/51024
Edition number 22
100 1# - MAIN ENTRY--PERSONAL NAME
Personal name Rubin, Patricia Lee,
Dates associated with a name 1951-
245 10 - TITLE STATEMENT
Title Images and identity in fifteenth-century Florence /
Statement of responsibility, etc. Patricia Lee Rubin.
260 ## - PUBLICATION, DISTRIBUTION, ETC. (IMPRINT)
Place of publication, distribution, etc. New Haven :
Name of publisher, distributor, etc. Yale University Press,
Date of publication, distribution, etc. c2007.
300 ## - PHYSICAL DESCRIPTION
Extent xxiii, 418 p. :
Other physical details ill. (some col.) ;
Dimensions 27 cm.
504 ## - BIBLIOGRAPHY, ETC. NOTE
Bibliography, etc Includes bibliographical references (p. [366]-400) and index.
650 #0 - SUBJECT ADDED ENTRY--TOPICAL TERM
Topical term or geographic name as entry element Art, Italian
Geographic subdivision Italy
-- Florence
Chronological subdivision 15th century.
650 #0 - SUBJECT ADDED ENTRY--TOPICAL TERM
Topical term or geographic name as entry element Art, Renaissance
Geographic subdivision Italy
-- Florence.
650 #0 - SUBJECT ADDED ENTRY--TOPICAL TERM
Topical term or geographic name as entry element Art and society
Geographic subdivision Italy
-- Florence
General subdivision History
Chronological subdivision 15th century.
650 #0 - SUBJECT ADDED ENTRY--TOPICAL TERM
Topical term or geographic name as entry element Art patronage
Geographic subdivision Italy
-- Florence
General subdivision History
Chronological subdivision 15th century.
650 #0 - SUBJECT ADDED ENTRY--TOPICAL TERM
Topical term or geographic name as entry element Visual perception
General subdivision History
Chronological subdivision 15th century.
856 41 - ELECTRONIC LOCATION AND ACCESS
Materials specified Table of contents only
Uniform Resource Identifier <a href="http://www.loc.gov/catdir/toc/ecip076/2006100423.html">http://www.loc.gov/catdir/toc/ecip076/2006100423.html</a>
856 42 - ELECTRONIC LOCATION AND ACCESS
Materials specified Contributor biographical information
Uniform Resource Identifier <a href="http://www.loc.gov/catdir/enhancements/fy0704/2006100423-b.html">http://www.loc.gov/catdir/enhancements/fy0704/2006100423-b.html</a>
856 42 - ELECTRONIC LOCATION AND ACCESS
Materials specified Publisher description
Uniform Resource Identifier <a href="http://www.loc.gov/catdir/enhancements/fy0704/2006100423-d.html">http://www.loc.gov/catdir/enhancements/fy0704/2006100423-d.html</a>
906 ## - LOCAL DATA ELEMENT F, LDF (RLIN)
a 7
b cbc
c orignew
d 1
e ecip
f 20
g y-gencatlg
942 ## - ADDED ENTRY ELEMENTS (KOHA)
Source of classification or shelving scheme
Koha item type Hard Covered Materials
Classification part N 6921 .F7R468 2007
Holdings
Withdrawn status Lost status Source of classification or shelving scheme Damaged status Not for loan Home library Current library Shelving location Date acquired Source of acquisition Total Checkouts Full call number Barcode Date last seen Price effective from Koha item type
          MACHAKOS UNIVERSITY LIBRARY MACHAKOS UNIVERSITY LIBRARY Technical section 27/01/2017 Donation (BFA)   N 6921 .F7R468 2007 32565 11/07/2018 27/01/2017 Hard Covered Materials
© Machakos University Library, Along The Highway, Machakos Wote Rd, Machakos, Kenya P.O. Box 136 - 90100 Machakos - Kenya

Tel: ( +254 ) 723 805829 OR Fax : 044-20353 OR Email: library@mksu.ac.ke